000 00453nam a2200181Ia 4500
005 20250423101455.0
008 250422s9999 xx 000 0 und d
020 _a0582421136
050 _aPZ 7 .D86 T47/
100 _aDumas, Alexandre
245 4 _aThe three musketeers
260 _aHarlow, Essex
260 _bPearson
260 _c2000
300 _a38 p
650 _aEnglish language -- Study and teaching Readers - Level 2
942 _cBK
999 _c36392
_d36392